000 00519nam a2200193Ia 4500
001 10003
008 140328s9999 xx 000 0 und d
020 _a0-201-51791-4
040 _cPK-LaUMT
082 _a 616
_bVIC-T
100 _aFries, James F., J.T.
245 _aTake care of yourself : Your personal guide to self-care & p
_cFries, James F., J.T.<>Consumer<>Vickery, Donald M.
260 _c1989
300 _a536 p.
546 _aEN
650 _aConsumer
700 _aVickery, Donald M.
942 _cBK
999 _c11056
_d11056